[Event "IV Copa Marcel Duchamp 2020"]
[Site "Montevideo"]
[Date "2020.02.13"]
[Round "7"]
[White "Aguilera, Angel"]
[Black "Avedisian, Alexander"]
[Result "0-1"]
[WhiteElo "1196"]
[BlackElo "1892"]
[Annotator "NA RC"]
[PlyCount "94"]
[EventDate "2020.02.08"]
[EventType "swiss"]
[EventCountry "URU"]
[SourceTitle "playchess.com"]
[Source "ChessBase"]
[SourceQuality "1"]
[TimeControl "5400+30"]

1. Nf3 {[%emt 0:00:03]} g6 {[%emt 0:00:00]} 2. g3 Bg7 3. Bg2 Nf6 4. d4 {[%emt 0:02:30]} O-O {[%emt 0:00:51]} 5. O-O {[%emt 0:01:46]} d6 {[%emt 0:00:07]} 6. c4 {[%emt 0:00:51]} c5 {[%emt 0:00:07]} 7. dxc5 {[%emt 0:02:15]} dxc5 {[%emt 0:00:15]} 8. Be3 {[%emt 0:00:57]} Nc6 {[%emt 0:01:20]} 9. Qxd8 {[%emt 0:02:59]} Rxd8 {[%emt 0:00:06]} 10. Nc3 {[%emt 0:01:04]} Be6 {[%emt 0:01:23]} 11. Bxc5 {[%emt 0:04:49]} Bxc4 {[%emt 0:00:13]} 12. b3 {[%emt 0:03:48]} Nd7 {[%emt 0:05:43]} 13. Rac1 {[%emt 0:12:44]} Nxc5 {[%emt 0:03:58]} 14. bxc4 {[%emt 0:01:07]} Rd7 {[%emt 0:02:58]} 15. Ne1 {[%emt 0:02:11]} Na5 {[%emt 0:06:45]} 16. Ne4 {[%emt 0:00:52]} Rc8 {[%emt 0:01:41]} 17. Bh3 {[%emt 0:01:47]} e6 {[%emt 0:00:31]} 18. Nxc5 {[%emt 0:10:32]} Rxc5 {[%emt 0:00:08]} 19. Nd3 {[%emt 0:00:14]} Rxc4 {[%emt 0:01:11]} 20. Rxc4 {[%emt 0:01:14]} Nxc4 {[%emt 0:00:09]} 21. Nc5 {[%emt 0:00:20]} Rc7 {[%emt 0:03:58]} 22. Nxe6 {[%emt 0:03:59]} fxe6 {[%emt 0:00:58]} 23. Bxe6+ {[%emt 0:00:16]} Kf8 {[%emt 0:00:16]} 24. Rc1 {[%emt 0:00:38]} b5 {[%emt 0:00:33]} 25. a4 {[%emt 0:00:06]} a6 {[%emt 0:00:16]} 26. axb5 {[%emt 0:02:02]} axb5 {[%emt 0:00:09]} 27. Rb1 {[%emt 0:07:05]} Nb2 {[%emt 0:10:46]} 28. e4 {[%emt 0:01:01]} b4 {[%emt 0:01:00]} 29. f4 {[%emt 0:00:18]} Bd4+ {[%emt 0:00:57]} 30. Kg2 {[%emt 0:01:09]} Rc2+ {[%emt 0:01:23]} 31. Kh3 {[%emt 0:00:39]} Rd2 {[%emt 0:02:06]} 32. e5 {[%emt 0:03:15]} Rd1 {[%emt 0:00:36]} 33. Rxd1 {[%emt 0:01:35]} Nxd1 {[%emt 0:00:07]} 34. Kg2 {[%emt 0:00:39]} Nb2 {[%emt 0:06:02]} 35. h3 {[%emt 0:00:30]} Na4 {[%emt 0:00:15]} 36. Bb3 {[%emt 0:00:11]} Nc5 {[%emt 0:00:11]} 37. Ba2 {[%emt 0:01:10]} b3 {[%emt 0:00:18]} 38. Bb1 {[%emt 0:00:02]} b2 {[%emt 0:00:26]} 39. Kf1 {[%emt 0:01:03]} Na4 {[%emt 0:00:16]} 40. e6 {[%emt 0:00:45]} Nc3 {[%emt 0:00:24]} 41. Bd3 {[%emt 0:02:56]} b1=Q+ {[%emt 0:00:12]} 42. Bxb1 {[%emt 0:00:31]} Nxb1 {[%emt 0:00:06]} 43. g4 {[%emt 0:00:20]} Nc3 {[%emt 0:00:42]} 44. Kg2 {[%emt 0:00:10]} Ke7 {[%emt 0:03:13]} 45. f5 {[%emt 0:01:32]} gxf5 {[%emt 0:11:22]} 46. gxf5 {[%emt 0:00:53]} Be5 {[%emt 0:00:15]} 47. Kf3 {[%emt 0:00:34]} h5 {[%emt 0:00:12]} 0-1

[Event "IV Copa Marcel Duchamp 2020"]
[Site "Montevideo"]
[Date "2020.02.13"]
[Round "7.1"]
[White "Acosta, Pablo Ismael"]
[Black "Hernandez Guerrero, Gilberto"]
[Result "1/2-1/2"]
[WhiteElo "2416"]
[BlackElo "2557"]
[Annotator "TA"]
[PlyCount "36"]
[EventDate "2020.02.08"]
[EventType "swiss"]
[EventCountry "URU"]
[SourceTitle "playchess.com"]
[Source "ChessBase"]
[SourceQuality "1"]

{[%evp 15,36,18,19,14,17,15,28,-23,-12,-8,-14,-22,-7,-7,-8,-30,-28,-22,-24,-27,-22,-8,-14]} 1. c4 c5 2. Nc3 g6 3. g3 Bg7 4. Bg2 Nf6 5. e3 O-O 6. Nge2 Nc6 7. O-O d6 8. d3 Bd7 9. a3 {A36: Symmetrical English vs ...g6: 4 Bg2 Bg7.} Qc8 10. Rb1 Bh3 11. Nf4 (11. e4 $142) 11... Bxg2 $11 12. Kxg2 {[#]} e6 $146 ({Predecessor:} 12... Qg4 13. f3 Qd7 14. h4 e6 15. g4 Qe7 16. Bd2 Nd7 17. Qe1 a6 18. b4 cxb4 19. axb4 {0-1 (24) Dumont,G (1755)-Beck,G (2223) ICCF email 2010}) 13. b4 b6 14. b5 Ne7 15. Bb2 e5 16. Nfd5 Nfxd5 17. cxd5 Qd7 18. e4 f5 {Accuracy: White = 88%, Black = 100%.} 1/2-1/2

[Event "IV Copa Marcel Duchamp 2020"]
[Site "Montevideo"]
[Date "2020.02.13"]
[Round "7.2"]
[White "Liascovich, Lucas"]
[Black "Lima, Darcy"]
[Result "1/2-1/2"]
[WhiteElo "2425"]
[BlackElo "2526"]
[Annotator "TA"]
[PlyCount "74"]
[EventDate "2020.02.08"]
[EventType "swiss"]
[EventCountry "URU"]
[SourceTitle "playchess.com"]
[Source "ChessBase"]
[SourceQuality "1"]

{[%evp 9,74,4,35,39,45,28,39,27,30,29,33,33,49,30,43,35,20,0,0,0,29,25,58,16,17,14,33,31,64,71,66,69,62,51,60,71,97,70,81,87,88,75,304,304,404,375,370,358,577,412,397,408,412,397,474,458,444,399,393,41,41,48,44,0,114,0,0]} 1. d4 d5 2. Nf3 Nf6 3. Bf4 g6 4. e3 Bg7 5. Be2 Bg4 6. h3 {D02: 1 d4 d5 2 Nf3 sidelines, including 2...Nf6 3 g3 and 2...Nf6 3 Bf4.} Bxf3 7. Bxf3 c6 8. O-O {White is slightly better.} Nbd7 9. Nd2 O-O 10. c4 e6 11. b4 {[#]} a6 $146 ({Predecessor:} 11... Re8 12. b5 e5 13. dxe5 Nxe5 14. Bxe5 Rxe5 15. bxc6 bxc6 16. cxd5 Nxd5 17. Rc1 Rc8 {½-½ (32) Tkachenko,G (2330)-Nyudleev,D (2230) Elista 2006}) 12. a4 Qe7 13. c5 {Black must now prevent Bd6.} e5 14. Bh2 Ne8 15. Nb3 {[%cal Bd2b3,Bb3a5,Ba5c4,Bc4d6][%mdl 32]} Nc7 16. e4 dxe4 17. Bxe4 exd4 18. Re1 $1 Ne5 19. Na5 $1 {aiming for f4.} ({Don't play} 19. Qxd4 Rfe8 $15) (19. Nxd4 Rfe8 $11) 19... Ne6 20. Bxe5 Bxe5 21. Bxc6 $1 bxc6 22. Rxe5 (22. Nxc6 Bh2+ $1 {[%mdl 512]} 23. Kxh2 Qc7+ 24. Ne5 f6 $17) 22... Qc7 23. Qe1 Rab8 24. Nc4 Nf4 25. Rd1 {[%cal Ba1d1,Bd1d3,Bd3f3,Bf3f6][%mdl 32]} Rfd8 $2 {[#]} (25... Nd5 $16) 26. Nd6 $1 $18 {And now Re7 would win.} d3 27. g3 Ne6 {If Black can now play ...Rxd6 this consolidates a bit.} 28. Rxd3 a5 $2 (28... Rf8 29. Rf3 Rbd8 30. Rxf7 Rxf7) 29. Rf3 Rxd6 30. cxd6 Qxd6 31. Rxa5 Rxb4 32. Ra7 Qb8 {Threatens to win with ...Rb1!} 33. Qe3 Ng5 34. Rf6 $2 (34. Qxg5 $18 Qxa7 35. Qd8+ Kg7 36. Qf6+ Kh6 37. g4 (37. Qxc6 Rxa4 38. Qd6 Qa8 $16)) 34... Re4 $1 $14 {[%cal Re4e3]} 35. Qxg5 Qxa7 36. Rxc6 Qxa4 (36... Re1+ $11 {keeps the balance.} 37. Kg2 Qd4) 37. Qc1 ({White must play} 37. Qd8+ $16 Kg7 38. Rc8) 37... Kg7 {Accuracy: White = 79%, Black = 59%.} 1/2-1/2

[Event "IV Copa Marcel Duchamp 2020"]
[Site "Montevideo"]
[Date "2020.02.13"]
[Round "7.3"]
[White "Vazquez, Guillermo"]
[Black "Hungaski, Robert"]
[Result "1/2-1/2"]
[WhiteElo "2524"]
[BlackElo "2504"]
[Annotator "TA"]
[PlyCount "63"]
[EventDate "2020.02.08"]
[EventType "swiss"]
[EventCountry "URU"]
[SourceTitle "playchess.com"]
[Source "ChessBase"]
[SourceQuality "1"]

{[%evp 10,63,-13,-9,0,0,0,0,0,0,0,0,16,31,63,72,45,-23,-35,-31,0,0,0,0,0,0,0,0,0,0,0,0,39,44,27,27,71,10,10,3,3,8,12,0,0,0,0,0,0,0,0,-3,0,-3,-3,-3]} 1. e4 e6 2. d4 d5 3. Bd3 dxe4 4. Bxe4 Nf6 5. Bf3 c5 6. Ne2 Nc6 {[%cal Rc5d4] C01: French: Exchange Variation.} 7. Be3 cxd4 8. Nxd4 Ne5 9. Nc3 Be7 10. Ndb5 Nxf3+ (10... Bd7 {is more complex.} 11. Nd6+ Kf8 12. Bxb7 Rb8 13. Bc5 Qc7) 11. Qxf3 {[#]} Bd7 $146 ({Predecessor:} 11... O-O 12. O-O a6 13. Rfd1 Bd7 14. Nd4 Qc7 15. Qg3 Qxg3 16. hxg3 e5 17. Nf3 Bg4 {½-½ (52) Alekseev,E (2620)-Dilmukhametov,A (2353) Sochi 2018}) 12. Qxb7 O-O 13. Rd1 (13. O-O-O $14) 13... a6 14. Nd4 Qc8 (14... Rb8 {looks sharper.} 15. Qxa6 Qc7 16. Nb3 Bb4 17. Bd2 Rb5) 15. Qxc8 Rfxc8 16. O-O Ba3 17. Bc1 Rab8 18. Nb3 Bb4 19. Bd2 a5 20. a3 a4 {[#] aiming for ...Bxc3.} 21. axb4 {Black must now prevent Nc5.} axb3 22. cxb3 Bc6 23. Rc1 (23. Na4 $16) 23... Rxb4 $11 {The position is equal.} 24. Ne2 Rxb3 25. Nd4 Rb6 26. Ba5 Ra6 27. b4 {[#] Strongly threatening b5.} Bd7 28. Rxc8+ Bxc8 29. Rc1 Bd7 30. h3 Nd5 31. Nb3 {Threatens to win with Nc5.} Ra8 32. Nc5 {Accuracy: White = 86%, Black = 78%.} 1/2-1/2

[Event "IV Copa Marcel Duchamp 2020"]
[Site "Montevideo"]
[Date "2020.02.13"]
[Round "7.4"]
[White "Delgado Ramirez, Neuris"]
[Black "Lopez Azambuja, Nicolas"]
[Result "1-0"]
[WhiteElo "2634"]
[BlackElo "2310"]
[Annotator "TA"]
[PlyCount "91"]
[EventDate "2020.02.08"]
[EventType "swiss"]
[EventCountry "URU"]
[SourceTitle "playchess.com"]
[Source "ChessBase"]
[SourceQuality "1"]

{[%evp 9,91,25,28,5,18,-6,24,-11,-9,-18,-18,-24,-6,-20,-12,-34,-28,-38,-13,-19,-8,-20,-18,-37,-12,-37,-39,-73,-48,-51,0,-9,18,0,0,0,10,15,87,80,71,71,133,74,118,35,75,0,14,-20,143,0,85,0,0,0,0,0,0,-8,-14,-57,-38,-62,-58,-97,-110,-126,-133,-173,-179,-265,-260,-591,-574,-516,-406,-366,-92,-92,0,0,29986,29987]} 1. e4 e5 2. Nf3 Nc6 3. Bb5 Nf6 4. d3 Bc5 5. Bxc6 dxc6 6. Be3 {C65: Ruy Lopez: Berlin Defence (3...Nf6), unusual lines and 4 0-0 Bc5.} (6. O-O {is interesting.} Bd6 7. h3 Be6 8. a4 h6 9. b3) 6... Bd6 {6...Bxe3 is not played anymore.} 7. Nbd2 {[#]} O-O $146 ({Predecessor:} 7... Ng4 8. Bg5 f6 9. Bh4 c5 10. Nc4 b5 11. Nxd6+ cxd6 12. a4 b4 13. Nd2 O-O 14. Qe2 Be6 15. f3 Nh6 16. O-O Qd7 {½-½ (16) Delgado Ramirez,N (2610)-Mekhitarian,K (2539) Concordia 2019}) 8. Qe2 {White has an edge.} a5 9. Bg5 h6 10. Bh4 Re8 11. h3 Qe7 12. g4 Qe6 13. Bg3 Nd7 14. Nc4 a4 15. a3 c5 16. Nh4 b5 17. Ne3 Bf8 18. Nhg2 Bb7 19. f3 g6 20. h4 Nb8 21. g5 h5 22. f4 Bg7 23. f5 Qd6 (23... Qd7 $11 {remains equal.}) 24. O-O Nc6 25. c3 Na5 (25... Qd7 $142) 26. Rad1 (26. fxg6 $142 fxg6 27. Rad1) 26... Rad8 27. Kh2 (27. fxg6 $16 fxg6 28. Nf5) 27... Qb6 28. Bf2 (28. fxg6 $16 fxg6 29. Nf5) 28... Qa6 29. Bg3 Qa8 $2 ({Better is} 29... c4 $11) 30. Rf2 (30. fxg6 $16 fxg6 31. Nf5 $1 {[%mdl 512]}) 30... Rd7 (30... c4 $1 $11) 31. Ne1 (31. fxg6 $16 fxg6 32. Nf5) 31... c4 32. dxc4 Rxd1 33. Qxd1 {Strongly threatening fxg6.} Nxc4 34. Nxc4 bxc4 35. Qe2 Qa6 36. Nf3 Qb5 $1 37. Nd2 gxf5 {Threatens to win with ...f4.} 38. exf5 {[#]} Qd5 $1 {[%csl Gb7][%cal Rd5h1]} ({Avoid the trap} 38... Qxb2 $2 39. f6 $18) 39. Nf3 e4 40. f6 (40. Qe3 $142) 40... Bf8 $19 41. Nd4 $2 (41. g6 e3 42. Rf1 fxg6 43. Ng5) 41... e3 {[%csl Gb7][%cal Rd5h1]} 42. Rf1 {White hopes to continue with g6.} Bd6 43. Nf5 {[#]} Bxg3+ $2 (43... Qd3 $1 $19 {[%cal Rd3e2] has better winning chances.} 44. Qxd3 cxd3) 44. Kxg3 $17 Qe5+ (44... Qd3 $17 45. Ne7+ Kf8) 45. Rf4 $11 {Black must now prevent Nh6+.} Rd8 $2 {[%mdl 8192]} (45... Bd5 $11) 46. Qxh5 {Accuracy: White = 58%, Black = 54%.} 1-0

[Event "IV Copa Marcel Duchamp 2020"]
[Site "Montevideo"]
[Date "2020.02.13"]
[Round "7.5"]
[White "Tristan, Leonardo"]
[Black "Larrea, Manuel"]
[Result "1-0"]
[WhiteElo "2533"]
[BlackElo "2243"]
[Annotator "TA"]
[PlyCount "101"]
[EventDate "2020.02.08"]
[EventType "swiss"]
[EventCountry "URU"]
[SourceTitle "playchess.com"]
[Source "ChessBase"]
[SourceQuality "1"]

{[%evp 13,101,21,20,30,24,21,19,-29,-21,-59,-59,-50,-48,-45,-53,-47,0,0,108,107,99,98,121,112,206,204,114,21,26,24,51,16,17,13,12,14,16,0,45,45,45,26,43,0,0,0,0,0,0,0,0,0,0,0,0,-9,-10,-27,-10,-86,0,0,0,0,8,0,6,0,8,8,331,89,845,814,593,336,845,778,631,387,929,854,29966,29968,29971,29970,29970,29970,29988,29989]} 1. e4 c5 2. Nc3 Nc6 3. Bb5 Nd4 4. Nf3 Nxb5 5. Nxb5 Nf6 6. e5 Nd5 7. Ng5 f6 8. Qf3 {B30: Sicilian: 2...Nc6 3 Bb5, lines without ...g6.} Nc7 9. exf6 exf6 {[#]} 10. Nxc7+ $146 {The position is equal.} (10. Qe2+ {looks sharper.} Ne6 11. Ne4 a6 12. Ned6+ Ke7 13. Nf5+) ({Predecessor:} 10. Qe4+ Ne6 11. Nxh7 f5 12. Qxf5 Qh4 13. Nxf8 Rxf8 14. Qg6+ Kd8 15. Qg3 Qa4 16. Nc3 Qxc2 {1-0 (29) Yilmazyerli,M (2491)-Bolat,A (2124) Ankara 2018}) 10... Qxc7 11. Nh3 Bd6 12. d3 $1 O-O 13. Bf4 Re8+ 14. Kd2 Bxf4+ 15. Nxf4 Qc6 (15... d6 $11 {keeps the balance.}) 16. Qd5+ $1 $16 Qxd5 17. Nxd5 {Strongly threatening Nc7.} Rb8 18. Rhe1 Re6 (18... Re5 $16) 19. Nc7 $18 Rc6 ({Black should try} 19... Rxe1 $18 20. Rxe1 b5) 20. Nb5 ({White should play} 20. Re8+ $1 $16 Kf7 21. Rae1 Rxc7 22. R1e7+ Kg6 23. Rg8) 20... a6 $11 21. Nc3 {White wants to play Re8+.} Re6 22. f4 b6 23. f5 Rxe1 24. Rxe1 {[%mdl 4096] Endgame KRB-KRN} Bb7 25. Ne4 (25. Re7 {is more complex.} Bc6 26. g4 Kf8 27. Re3 Kf7 28. Rh3) 25... Bxe4 26. Rxe4 {KR-KR} Kf7 27. Kc3 b5 28. a4 d5 29. Re6 d4+ 30. Kb3 bxa4+ 31. Ka3 g6 32. Rc6 gxf5 33. Rxc5 f4 34. Rc4 Rg8 35. Rxd4 Rxg2 {And now ...f3 would win.} 36. c3 (36. c4 $11) 36... Rxh2 ({Better is} 36... Rf2 $1 $17 {White must now prevent ...Kg6.} 37. Rxa4 Kg6) 37. Rxf4 Rd2 38. d4 Kg6 39. Kxa4 Rxb2 40. d5 Rd2 41. c4 f5 $2 {[%mdl 8192] [#]} (41... Rd1 $1 $11) 42. Kb4 $2 (42. Rf1 $1 $18 {and the rest is easy.} Kf6 43. Kb4) 42... Kg5 $2 {[%mdl 8192] [#]} (42... Rd1 $16) 43. Rf1 $1 $18 Kf6 44. Re1 Rb2+ $2 (44... f4 45. Kc3 Rg2) 45. Kc3 Rb8 46. Kd4 a5 $2 (46... Rb2 47. Re6+ Kg5) 47. d6 a4 48. c5 {White mates.} a3 49. d7 a2 50. c6 a1=Q+ 51. Rxa1 {Accuracy: White = 65%, Black = 55%.} 1-0

[Event "IV Copa Marcel Duchamp 2020"]
[Site "Montevideo"]
[Date "2020.02.13"]
[Round "7.6"]
[White "Hoffman, Alejandro"]
[Black "Guerrero, Alvaro"]
[Result "1-0"]
[WhiteElo "2472"]
[BlackElo "2094"]
[Annotator "TA"]
[PlyCount "55"]
[EventDate "2020.02.08"]
[EventType "swiss"]
[EventCountry "URU"]
[SourceTitle "playchess.com"]
[Source "ChessBase"]
[SourceQuality "1"]

{[%evp 16,55,0,0,5,0,21,4,6,0,12,0,14,0,9,0,12,20,35,39,40,33,74,34,73,0,0,0,81,81,86,68,273,317,552,512,758,751,739,734,725,714]} 1. d4 Nf6 2. Nf3 g6 3. c3 Bg7 4. Bf4 d6 5. e3 O-O 6. h3 b6 7. Be2 Bb7 8. O-O Nbd7 9. a4 a6 {A48: 1 d4 Nf6 2 Nf3 g6: Torre, London and Colle Systems.} 10. Nbd2 Ne4 11. Bh2 Nxd2 {[#] The position is equal.} 12. Qxd2 $146 ({Predecessor:} 12. Nxd2 e5 13. Bf3 Bxf3 14. Qxf3 Kh8 15. Rfd1 Rc8 16. Qe2 a5 17. Rac1 Qe7 18. Nc4 {0-1 (70) Blackman,K (1642)-Varona Thomas,M (1775) Baku 2016}) 12... e6 13. Rfd1 Qe7 14. b4 Rfd8 15. c4 e5 16. a5 Be4 17. axb6 cxb6 18. Ra3 a5 19. Bg3 {[%cal Rb4a5]} d5 {[#]} 20. dxe5 (20. c5 $1 $16) 20... Qxb4 $11 21. Qa2 Bxf3 (21... dxc4 $11 {keeps the balance.} 22. Bh4 c3 23. Rxc3 (23. Bxd8 c2 $11) 23... Qxc3 24. Bxd8 Nxe5) 22. Bxf3 $16 Nxe5 23. Bxd5 {And now Rb1 would win.} Nxc4 $2 ({Black should try} 23... Rac8 $14) 24. Ra4 $18 Qb2 $2 (24... Rxd5 25. Rxd5 Qe1+ 26. Kh2 b5 27. Rxb5 Nd2) 25. Qxc4 {White is clearly winning.} b5 26. Bxf7+ Kh8 27. Rxd8+ Rxd8 {[#]} 28. Qc7 $1 {[%mdl 64] Double Attack. Accuracy: White = 86%, Black = 57%.} 1-0

[Event "IV Copa Marcel Duchamp 2020"]
[Site "Montevideo"]
[Date "2020.02.13"]
[Round "7.7"]
[White "Roselli Mailhe, Bernardo"]
[Black "Rodriguez Vila, Andres"]
[Result "0-1"]
[WhiteElo "2433"]
[BlackElo "2492"]
[Annotator "TA"]
[PlyCount "182"]
[EventDate "2020.02.08"]
[EventType "swiss"]
[EventCountry "URU"]
[SourceTitle "playchess.com"]
[Source "ChessBase"]
[SourceQuality "1"]

{[%evp 14,182,31,34,25,43,27,35,35,0,30,0,35,38,45,36,28,18,39,41,71,0,0,0,2,4,14,0,0,0,0,0,0,-8,-8,-9,0,-15,0,-2,0,0,0,0,0,0,0,0,0,0,0,0,0,0,0,0,0,0,0,0,0,0,0,0,0,-8,-8,-8,-8,-8,-8,-44,-44,-44,-44,-44,-44,-44,-44,-44,-44,-44,-44,-44,-44,-44,-44,-44,-44,-44,-44,-44,-44,-44,-15,-15,-15,-15,-8,-8,-8,-8,-8,-8,-8,-8,-8,-8,-8,-8,0,-8,-8,-8,0,-15,-15,-15,-15,-15,-15,-15,-15,-15,-15,-15,-15,-15,-15,-15,0,-15,0,-15,-8,-15,-15,-15,-15,-15,-15,-15,-15,-15,-8,-15,-15,-16,-16,-16,-16,-16,-16,-1439,-16,-16,-16,-29966,-29967,-29968,-29969,-29967,-29969,-29968,-29970,-29966,-29965,-29966,-29961,-29978,-29979]} 1. d4 e6 2. c4 Nf6 3. Nf3 c5 4. d5 b5 5. Bg5 exd5 6. cxd5 h6 7. Bxf6 Qxf6 8. Qc2 Be7 {E10: Blumenfeld Gambit.} 9. e4 Qb6 10. a4 bxa4 {White is slightly better.} 11. Nbd2 O-O 12. Be2 {[#]} Qg6 $146 ({Predecessor:} 12... Na6 13. Qxa4 Nb4 14. O-O d6 15. Nc4 Qc7 16. Rfd1 Rd8 17. Qa5 Qxa5 18. Rxa5 Bb7 {½-½ (60) Butnorius,A (2348)-Foo,Z (2233) Baku 2016}) 13. O-O d6 14. Rxa4 Nd7 15. Bd3 {Threatens to win with Rfa1.} Nb6 $1 16. Ra3 f5 17. Rfa1 ({Better is} 17. Re1 $16) 17... fxe4 $1 $11 18. Bxe4 Bf5 19. Rxa7 Bxe4 20. Qxe4 Qxe4 21. Nxe4 Rxa7 22. Rxa7 Nxd5 23. Nc3 Nxc3 24. Rxe7 {[%mdl 4096] Endgame KRN-KRN} Nd1 25. b3 Rb8 26. Nd2 d5 27. Rc7 Rb5 28. h4 Nc3 29. Kh2 Ne2 30. g3 Nd4 31. Rd7 c4 32. bxc4 Rb2 33. Nf1 Nf3+ 34. Kg2 $1 {[%cal Rg2f3]} Ne1+ 35. Kh3 dxc4 36. Rc7 Rxf2 37. Ne3 Nf3 38. Nxc4 Rc2 39. h5 Ng5+ 40. Kg4 Ne4 {Strongly threatening ...Nd6!} 41. Rc8+ Kh7 42. Nd6 (42. Kf4 $5 {[%cal Rf4e4]} Nf6 43. g4 $11) 42... Nf6+ 43. Kf3 Rxc8 44. Nxc8 Nxh5 $15 {KN-KN} 45. Ne7 Nf6 46. Kf4 g6 47. g4 Nd7 48. Nd5 Kg7 49. Nc7 Kf7 50. Nd5 Ke6 51. Nc3 Nb6 {...Nd5+ is the strong threat.} 52. Ke4 Nc4 53. Kf4 g5+ 54. Kf3 Ke5 55. Ne4 Kd4 {( -> ...Ne5+)} 56. Nf6 Ne5+ 57. Kg3 Ke3 58. Ng8 Nf7 59. Nf6 Kd4 60. Ng8 Ke5 61. Kf3 Kd5 62. Kg3 Ke6 63. Kf3 Kd7 64. Kg3 Ke8 65. Nf6+ Ke7 66. Ng8+ Kf8 67. Nf6 Ne5 68. Ne4 Ke7 69. Nc5 Kd6 70. Ne4+ Ke6 71. Nc3 Nc4 72. Kf3 Ke5 73. Ne4 Nb6 74. Nc5 Nd5 75. Nb3 Nf6 76. Nc5 Kd5 77. Nd3 Nd7 78. Nb4+ Kc5 79. Nd3+ Kd4 80. Nb4 Ne5+ 81. Kg3 Ke4 82. Na6 Nd7 83. Nc7 $2 {[%mdl 8192] [#]} (83. Nb4 $11) 83... Nf6 $2 ({Black should try} 83... Nc5 $1 $19 84. Nb5 Ke3) 84. Ne6 $11 Ke3 85. Ng7 $2 {[%mdl 8192]} (85. Nd8 $11) 85... Ne4+ {Black mates.} 86. Kh3 Kf3 87. Nf5 Nf2+ {[%mdl 64] [#] Double Attack} 88. Kh2 Nxg4+ 89. Kg1 Kf4 90. Ng7 Nf6 91. Kg2 Ke5 {Accuracy: White = 86%, Black = 91%.} 0-1

[Event "IV Copa Marcel Duchamp 2020"]
[Site "Montevideo"]
[Date "2020.02.13"]
[Round "7.8"]
[White "Garcia Palermo, Carlos"]
[Black "Shtemler, Lavi"]
[Result "1-0"]
[WhiteElo "2434"]
[BlackElo "2199"]
[Annotator "TA"]
[PlyCount "63"]
[EventDate "2020.02.08"]
[EventType "swiss"]
[EventCountry "URU"]
[SourceTitle "playchess.com"]
[Source "ChessBase"]
[SourceQuality "1"]

{[%evp 16,63,0,0,0,-14,0,-18,-1,-28,-36,-22,0,-54,-8,-14,-12,-16,-18,-24,-3,-83,-27,-38,63,63,106,97,147,18,127,45,54,37,89,62,134,45,49,59,603,585,738,743,730,714,627,270,1952,1826]} 1. d4 Nf6 2. c4 e6 3. Nc3 Bb4 4. e3 O-O 5. Nge2 d5 6. a3 Be7 7. cxd5 exd5 8. g3 c6 9. Bg2 Re8 {E46: Nimzo-Indian: Rubinstein: 4 e3 0-0 5 Ne2 without early Bd3.} 10. O-O Na6 11. b3 Nc7 {[#] The position is equal.} 12. Ra2 $146 ({Predecessor:} 12. Bb2 Bf5 13. Nf4 Bd6 14. Nd3 Qe7 15. Re1 Ne4 16. a4 Rad8 17. Ne2 Qf6 18. Nc3 Qh6 19. Nxe4 dxe4 {0-1 (33) Johansson,J (2131)-Norri,J (2359) Jyvaskyla 2013}) 12... Bf8 13. f3 c5 14. g4 (14. dxc5 $11 Bxc5 15. Nd4) 14... Ne6 15. dxc5 Bxc5 16. b4 Bb6 17. Na4 Bc7 18. Ng3 (18. Nac3 $11 {remains equal.}) 18... h5 (18... Bd7 $17 19. Nc3 d4 $1 {[%mdl 512]} 20. exd4 Rc8) 19. gxh5 $11 Ng5 (19... Bd7 $15) 20. f4 $14 Nge4 {[#]} 21. h6 $1 {[%mdl 512] Threatens to win with Nxe4.} gxh6 {[#]} 22. Qd4 ({Better is} 22. Bxe4 $1 $16 dxe4 23. Rd2) 22... Kh7 (22... a5 $11) 23. Bb2 (23. Rc2 $16) 23... Rg8 24. Ba1 (24. Rc1 {with more complications.} Rg6 25. Nxe4 dxe4 26. Qxd8 Bxd8 27. Bxf6 Bxf6 28. Nc5) 24... Bb6 (24... Rg6 $14) 25. Nxb6 ({Don't play} 25. Bxe4+ $6 Nxe4 26. Nxb6 Qxb6 $11) 25... Qxb6 (25... axb6 $14 26. Rc1 Rg6) 26. Nxe4 (26. Rc2 $16) 26... Nxe4 27. Qxd5 $40 {[%mdl 128] White has some attack.} Qxe3+ $2 {[%mdl 8192] [#]} (27... Qe6 $14 28. Qxe6 Bxe6) 28. Kh1 $1 $18 {[%mdl 512]} Nc3 29. Qxf7+ Rg7 30. Qf6 Be6 31. Bxc3 (31. Raf2 $142) 31... Rag8 $2 {[#]} (31... Rf7 32. Qd4 Qxd4 33. Bxd4 Bxa2) 32. Re1 $1 {Accuracy: White = 57%, Black = 40%.} 1-0

[Event "IV Copa Marcel Duchamp 2020"]
[Site "Montevideo"]
[Date "2020.02.13"]
[Round "7.9"]
[White "Carvalho, Guillermo"]
[Black "Coppola, Claudio"]
[Result "1/2-1/2"]
[WhiteElo "2187"]
[BlackElo "2314"]
[Annotator "TA"]
[PlyCount "66"]
[EventDate "2020.02.08"]
[EventType "swiss"]
[EventCountry "URU"]
[SourceTitle "playchess.com"]
[Source "ChessBase"]
[SourceQuality "1"]

{[%evp 9,66,10,6,8,34,29,24,26,29,22,29,15,4,6,32,16,38,9,9,6,17,0,60,-43,48,56,52,42,47,29,34,20,25,11,6,15,25,-8,0,-7,21,17,21,22,26,20,31,20,72,77,75,62,79,0,11,0,0,0,0]} 1. Nf3 b6 2. d4 Bb7 3. Bf4 g6 4. e3 Bg7 5. Be2 d6 6. O-O {A40: Unusual replies to 1 d4.} e6 7. c4 Ne7 8. Nc3 {White has an edge.} Nd7 9. e4 {[#]} h6 $146 ({Predecessor:} 9... e5 10. dxe5 Nxe5 11. Qd2 O-O 12. Nd4 N7c6 13. Nc2 Qd7 14. Bg3 f5 15. exf5 gxf5 {½-½ (35) Hentunen,A (2287)-Nivala,T (2183) Finland 2018}) 10. Ne1 f5 11. f3 Nf6 {[%cal Rf5e4]} 12. c5 g5 13. Be3 O-O {[%cal Rf5e4]} 14. cxd6 cxd6 {[%cal Rf5e4]} 15. Qb3 d5 (15... Kh8 $11) 16. Nd3 (16. e5 $14) 16... Nc6 ({Black should try} 16... dxe4 $15 17. fxe4 (17. Qxe6+ Kh7 $11) 17... Kh7 18. Qxe6 Nfd5 19. Nxd5 (19. exd5 $2 Bc8 $19) 19... Nxd5) 17. e5 $14 Ne8 18. Bf2 Na5 19. Qc2 Rc8 20. Rfc1 Rf7 21. b3 Bf8 22. Qb2 Ba6 23. Nf4 Bxe2 24. Nfxe2 Rfc7 25. Nb5 $36 {[%mdl 2048] White fights for an advantage.} Rxc1+ 26. Rxc1 Rxc1+ 27. Qxc1 Qd7 28. Nbc3 Nc7 (28... Be7 $11 {remains equal.}) 29. h4 $16 Be7 30. hxg5 hxg5 {[#]} 31. Qc2 (31. g3 $1 $16) 31... Nc6 {The position is equal.} 32. Qb1 Nb4 33. g4 f4 {Accuracy: White = 82%, Black = 73%.} 1/2-1/2